Т. 10: Тепломассообмен в энергетических устройствах; Тепломассообмен - ММФ-92

Bibliografiske detaljer
Parent link:Тепломассообмен - ММФ-92: II Минский Международный форум (18-22 мая 1992)/ Академия наук Белорусской ССР, Институт тепло- и массообмена им. А. В. Лыкова. Т. 10: Тепломассообмен в энергетических устройствах.— , 1992
Sprog:russisk
Udgivet: 1992
Fag:
Format: MixedMaterials Bog
KOHA link:https://koha.lib.tpu.ru/cgi-bin/koha/opac-detail.pl?biblionumber=165104

MARC

LEADER 00000nam2a2200000 4500
001 165104
005 20231031161633.0
010 |a 5781507167 
020 |a RU  |b 92-16107 
035 |a (RuTPU)RU\TPU\book\179115 
090 |a 165104 
100 |a 20090914g1992 k a0rusy5003 ca 
101 0 |a rus 
102 |a BY 
105 |a a z 101zy 
200 0 |a Т. 10: Тепломассообмен в энергетических устройствах 
210 |d 1992 
215 |d 20 см  |e (ил.)  |a 190 с. 
461 1 |0 (RuTPU)RU\TPU\book\177018  |t Тепломассообмен - ММФ-92  |o II Минский Международный форум (18-22 мая 1992)  |o [материалы]  |f Академия наук Белорусской ССР, Институт тепло- и массообмена им. А. В. Лыкова  |v Т. 10: Тепломассообмен в энергетических устройствах  |d 1992 
610 1 |a теплообмен 
610 1 |a массообмен 
610 1 |a энергетическое оборудование 
610 1 |a тепломассообмен 
610 1 |a тепломассообменные аппараты 
610 1 |a энергетические установки 
675 |a 536  |z rus 
675 |a 620.9.002.5:53  |z rus 
801 0 |a RU  |b RuMRKP  |c 19960705  |g psbo 
801 1 |a RU  |b 63413507  |c 20090914 
801 2 |a RU  |b 63413507  |c 20100413  |g RCR 
942 |c BK